000 01103pam a2200325 a 4500
001 1792
003 FISKH
005 20250828145812.0
008 910911s1992 ilua j 000 0 eng
010 _a 91035060
020 _a0516049224
040 _aDLC
_cDLC
_dDLC
042 _alcac
050 0 0 _aQB637.7
_b.F69 1992
082 0 0 _a508
_220
100 1 _aFowler, Allan.
245 1 0 _aHow do you know it's fall? /
_cby Allan Fowler.
260 _aChicago :
_bChildrens Press,
_c1992.
300 _a31 pages :
_bcolor illustrations ;
_c19 cm.
440 0 _aRookie read-about science
505 _aJ
520 _aPresents the many signs of fall, including geese flying south, squirrels hiding acorns, and people playing football.
521 8 _a500
_bLexile NC
521 8 _aJ
_bRaz-Plus
650 0 _aAutumn
_xJuvenile literature.
650 1 _aAutumn.
906 _a7
_bcbc
_corignew
_d1
_eocip
_f19
_gy-gencatlg
942 _2ddc
_cBK
_n0
999 _c1792
_d1792